000 00618nam a2200205 i 4500
001 13709
003 ES-MaACL
005 20240416134658.0
007 t|
008 980609s1998 sp ||||1| spa d
020 _a84-8403-031-8
080 _a821.134.2-14"19"
100 1 _aGarcía Pino, Julio Santiago.
_955120
245 1 0 _aBeso en verso /
_cJulio Santiago ; prólogo Gloria Fuertes.
260 _aMadrid :
_bEdimat,
_c[1998]
300 _a160 p. ;
_c19 cm.
700 1 _aFuertes, Gloria,
_d1917-1998
_952959
852 _aES-MaACL
_jL-20947
_bR.126653
_q. - Ded. autógr. del autor
999 _c13709
_d13709